Polskie Bitwy - Statystyki

Ogólne statystyki
  • Ten quiz został rozwiązany 570 razy
  • Średni wynik to 9 z 22
Statystyki odpowiedzi
Data Miejsce % Poprawnych
15.VII.1410 Grunwald
98%
24.VI.972 Cedynia
83%
13-25.VIII.1920 Warszawa
67%
12.IX.1683 Wiedeń
66%
27.IX.1605 Kircholm
65%
1-7.IX.1939 Westerplatte
55%
4.IV.1794 Racławice
47%
2.IX - 9.X.1621 Chocim
46%
4.VII.1610 Kłuszyn
45%
9-22.IX.1939 Bzura
38%
10.X.1794 Maciejowice
33%
26.XI.1627 Oliwa
32%
11-18.V.1944 Monte Cassino
30%
IX.1620 Cecora
28%
15.VIII-31.X.1940 Anglia
23%
9.IV - 8.VI.1940 Narvik
22%
25.II.1831 Olszynka Grochowska
22%
26.V.1831 Ostrołęka
22%
19.VIII-10.XII 1941 Tobruk
19%
12-13.X.1943 Lenino
17%
19.IV.1809 Raszyn
16%
8-22.VIII.1944 Falaise
10%
Nie znaleziono quizów pasujących do podanych kryteriów
Rozkład punktacji
Procent ludzi z każdym wynikiem
Percentyl według liczby udzielonych odpowiedzi
Twoja historia wyników
Nie rozwiązałeś tego quizu